To elucidate the therapeutio efficacy of leflunomlde supplemented with polio acid on Type-II Collagen Induced arthtile DADB./o mice / (Record no. 532943)

000 -LEADER
fixed length control field 00549nam a22001577a 4500
020 ## - INTERNATIONAL STANDARD BOOK NUMBER
Qualifying information Hard Cover.
082 ## - DEWEY DECIMAL CLASSIFICATION NUMBER
Classification number 660.01
100 ## - MAIN ENTRY--PERSONAL NAME
Personal name Rabil, Khan
245 ## - TITLE STATEMENT
Title To elucidate the therapeutio efficacy of leflunomlde supplemented with polio acid on Type-II Collagen Induced arthtile DADB./o mice /
Statement of responsibility, etc. Rabil Khan.
260 ## - PUBLICATION, DISTRIBUTION, ETC.
Place of publication, distribution, etc. Islamabad :
Name of publisher, distributor, etc. ASAB - NUST,
Date of publication, distribution, etc. 2017.
300 ## - PHYSICAL DESCRIPTION
Extent xiii, 96 p. : ill. ;
Dimensions 30cm.
942 ## - ADDED ENTRY ELEMENTS (KOHA)
Source of classification or shelving scheme
Koha item type Thesis
650 ## - SUBJECT ADDED ENTRY--TOPICAL TERM
Topical term or geographic name entry element MS Thesis
700 ## - ADDED ENTRY--PERSONAL NAME
Personal name Dr. Peter John.
650 ## - SUBJECT ADDED ENTRY--TOPICAL TERM
-- 18721
700 ## - ADDED ENTRY--PERSONAL NAME
-- 19309
Holdings
Withdrawn status Lost status Source of classification or shelving scheme Damaged status Not for loan Permanent Location Current Location Shelving location Date acquired Total Checkouts Full call number Barcode Date last seen Price effective from Koha item type
          Central Library (CL) Central Library (CL) Thesis 12/09/2019   660.01 CL-T-3228 12/09/2019 12/09/2019 Thesis
© 2023 Central Library, National University of Sciences and Technology. All Rights Reserved.